书目信息 |
| 题名: |
旅游烹饪营养与食品安全研究
|
|
| 作者: | 李河山 著 | |
| 分册: | ||
| 出版信息: | 沈阳 辽海出版社 2019 |
|
| 页数: | 116页 | |
| 开本: | 24cm | |
| 丛书名: | ||
| 单 册: | ||
| 中图分类: | R154 , TS201.6 | |
| 科图分类: | ||
| 主题词: | 烹饪--peng ren--营养学--研究 , 食品安全--shi pin an quan--研究 | |
| 电子资源: | ||
| ISBN: | 978-7-5451-4641-7 | |
| 000 | 01059nam0 2200277 450 | |
| 001 | 012001001528 | |
| 005 | 20140108132622.0 | |
| 010 | @a978-7-5451-4641-7@dCNY38.00 | |
| 099 | @aCAL 012019068132 | |
| 100 | @a20190312d2019 em y0chiy50 ea | |
| 101 | 0 | @achi |
| 102 | @aCN@b210000 | |
| 105 | @ay a 000yy | |
| 106 | @ar | |
| 200 | 1 | @a旅游烹饪营养与食品安全研究@Alu^ you peng ren ying yang yu shi pin an quan yan jiu@f李河山著 |
| 210 | @a沈阳@c辽海出版社@d2019 | |
| 215 | @a116页@d24cm | |
| 320 | @a有书目 (第115-116页) | |
| 330 | @a本书主要分为两大部分: 第一部分主要是对旅游烹饪营养方面的相关知识进行系统全面的介绍, 此部分主要内容有旅游烹饪相关知识、旅游烹饪职业道德以及旅游烹饪营养 ; 第二部分主要是对食品安全方面知识进行详细的阐述, 主要内容有食品安全、旅游食品安全管理及旅游烹饪营养与食品安全。 | |
| 606 | 0 | @a烹饪@Apeng ren@x营养学@x研究 |
| 606 | 0 | @a食品安全@Ashi pin an quan@x研究 |
| 690 | @aR154@v5 | |
| 690 | @aTS201.6@v5 | |
| 701 | 0 | @a李河山@Ali he shan@4著 |
| 801 | 0 | @aCN@b北京卓展@c20191020 |
| 905 | @b1202073-7@dR154@e134@f5 | |
| 旅游烹饪营养与食品安全研究/李河山著.-沈阳:辽海出版社,2019 |
| 116页;24cm |
| ISBN 978-7-5451-4641-7:CNY38.00 |
| 本书主要分为两大部分: 第一部分主要是对旅游烹饪营养方面的相关知识进行系统全面的介绍, 此部分主要内容有旅游烹饪相关知识、旅游烹饪职业道德以及旅游烹饪营养 ; 第二部分主要是对食品安全方面知识进行详细的阐述, 主要内容有食品安全、旅游食品安全管理及旅游烹饪营养与食品安全。 |
| ● |
| 相关链接 |
|
|
|
|
正题名:旅游烹饪营养与食品安全研究
索取号:R154/134
 
预约/预借
| 序号 | 登录号 | 条形码 | 馆藏地/架位号 | 状态 | 备注 |
| 1 | 1202073 | 212020739 | 第二样本阅览室/ [索取号:R154/134] | 在馆 | |
| 2 | 1202074 | 212020748 | 第三借阅区/ [索取号:R154/134] | 在馆 | |
| 3 | 1202075 | 212020757 | 第三借阅区/ [索取号:R154/134] | 在馆 | |
| 4 | 1202076 | 212020766 | 第三借阅区/ [索取号:R154/134] | 在馆 | |
| 5 | 1202077 | 212020775 | 第三借阅区/ [索取号:R154/134] | 在馆 |